000 00510cam a22002054a 4500
005 20250605164325.0
008 250528s ||||||||||||||||||||||||d
035 _a23010
020 _a9780132880770
040 _aGR-AtMCL
_bgre
_dGR-AtMCL
_eAACR2
245 1 _aTHE ESSENCE OF INTERNATIONAL BUSINESS
250 _a1
260 _bPrentice Hall,
_c1993
300 _a230
700 1 _aMcdermott Michael C
_91012
700 1 _aTaggart James H
_91013
942 _cBK
999 _c8051
_d8051